000 00482nab a2200145Ia 4500
003 ES-SlBCS
005 20210601132853.0
008 140529s1964 xxu||||| |||| 00| 0 ita d
041 _aita
100 1 _aValentí, Cesare
_9199671
245 0 0 _aIntorno alla Filosofia dell'integralità. La trascendenza umana
_c Cesare Valentí
650 0 4 _aFilosofía de la Integralidad
_9199663
773 0 _tGiornali di Metafisica
_gvol. 19, nº. 1-2, 1964, págs. 98-125
_w0017-0372
942 _cAR
999 _c586943
_d586943